1014 1716 1270 1600 1561 1098 1883 1393 1679 1441 1825 1756 1281 1069 1369 1990 1710 1097 1867 1070 1754 1572 1472 1267 1481 1225 1937 1096 1885 1017 1405 1637 1713 1094 1431 1007 1335 1821 1543 1958 1796 1331 1163 1951 1593 1303 1975 1112 1674 1266 1373 1289 1853 1515 1196 1420 1655 1725 1177 1868 1643 1768 1110 1305 1088 1890 1846 1168 1288 1093 1155 1477 1264 1629 1878 1212 1667 1139 1861 1562 1016 1410 1629 1561 1261 1402 1168 1227 1081 1875 1352 1481 1067 1797 1064 1877 1809 1944 1865 BCNSPRNW ULIB Ver.6.0+V

เปลี่ยนเป็นภาษาไทย

Change to English
 แสดงรายละเอียดบรรณานุกรม
  กลับหน้าหลัก

Brief Record : Get Marc (ISO 2709) : E-mail record : QR code < ปิดหน้าต่าง
LEADER : 00000nam 2200000uu 4500
001    13399112922
003     ULIB
008    110919s2552||||th 000 0 tha d
020    9786165000116
090    นว.^bก831ก 2552
100 0  เก้าแต้ม
245 00 กังหันรักลมปรารถนา/^cเก้าแต้ม
250    พิมพ์ครั้งที่ 1
260    กรุงเทพฯ :^bพิมพ์คำ,^c2552
300    291 หน้า
945    ^p200^l0^i16433
995    กัณชพร
999     ^aใช้งานได้ทุกระบบ
รายการนี้ยังไม่มีแท็ก
คุณยังไม่ได้ล็อกอิน คุณสามารถมีกิจกรรมร่วมกับเว็บไซต์ได้ แต่ต้องล็อกอินก่อน ::
  ล็อกอิน

รายการสื่อสารสนเทศ

ลำดับที่ ประเภท เลขเรียก/บาร์โค้ด สถานที่ สถานะ
1. วิทยาศาสตร์การแพทย์ และสุขภาพ
วิทยาศาสตร์การแพทย์ และสุขภาพ
นว. ก831ก 2552  
  Barcode: 16433
ห้องสมุดวิทยาเขตสวรรค์ประชารักษ์
►นวนิยาย
บนชั้น
  ขอยืม

รายการใกล้เคียง
    ผู้แต่ง [เก้าแต้ม]

BibComment


ยังไม่เคยถูกคอมเมนท์

คอมเมนท์ทรัพยากรรายการนี้
  คอมเมนท์: กังหันรักลมปรารถน..


 Copyright 2026. Bcnsprnw @Library